000 00724nas a2200253 4500
001 BR8700662
003 BR-BrBNA
005 20231205090550.0
007 ta
008 230509b bl.|||p| |||| 00| 00por d
040 _aBR-BrBNA
_bpor
_cBiblioteca Nacional de Agricultura
041 _a(Pt)
072 _aL01; L10
100 1 _aAnon.
245 1 _aPitangueiras se consolida como gado de leite e carne
650 _aGADO MESTICO
650 _aGADO GUZERA
650 _aGADO DE CORTE
650 _aGADO LEITEIRO
650 _aCRUZAMENTO ANIMAL
773 0 _tDirigente Rural (Brazil)
_xISSN 0012-3374
_g(Oct 1986), v. 25(10) p. 41-44
_wBR8700662
909 _a202311
_bLúcia
_c55
_dLúcia Elande
942 _2AGRIS
_n0
_cANA
999 _c119374
_d119374